000 01183naa a22002174i 4500
001 768714001
003 CO-MdFUSB
005 20260313092655.0
008 190215s1993 sp ||||| |||| 00| 0 spa d
022 _a0210-104
040 _aCO-MdFUSB
_bspa
_cCO-MdFUSB
_dCO-MdFUSB
041 _aspa
100 _aRadford Ruether, Rosemary
_eautor
245 0 0 _aCristología y relaciones judeocristianas
_c/ Rosemary Radford Ruether
300 _aNúmero 245 (1993), páginas 171-184
_c: 21 cm
520 _aLa afirmación cristiana de que Jesús de Nazaret es "el Cristo —es decir, el Mesías—" es resultado de una herencia de ideas ancladas en la tradición del siglo I sobre la venida de un redentor al final de los tiempos. Pero la afirmación fue tan retocada y reelaborada por la experiencia cristiana y por la reflexión teológica posterior, que se convirtió en un concepto de muy difícil comprensión y radicalmente inaceptable para el judaísmo.
650 7 _9239
_aCristología
773 0 _049450
_960419
_oR0327
_tRevista internacional de teología Concilium
_w(CO-MdFUSB)8
_x0210-1041
_gNúmero 245 (1993), páginas 171-184
_qPágina 171
942 _cANA
945 _aJTF-925
999 _c64818
_d64818